000 00381cam a22001337a 4500
008 180718b1983 xxu||||| |||| 00| 0 eng d
082 _aDx54 R212
100 _aRay, Heman
245 _aChina's strategy in Nepal
_cby Hemen Ray
260 _aNew Delhi
_bRadiant
_c1983
300 _a122p.
650 _aNepal --Foreign relations --China
650 _aChina --Foreign relations --Nepal
999 _c352612
_d352612